00345nam a2200121Ia 4500008004100000082001600041100001500057245007500072250000900147260004200156300000900198650001600207191201s2005 xx 000 0 und d a621.37bGUC aGUPTA, J B 2aA Course in Electronic and Electrical Measurements and Instrumentation a12th aNew DelhibS K Kataria and Sonsc2005 a1314 aB.Tech(ECE)